Catalog

Record Details

Catalog Search



There's an alien in your book  Cover Image Book Book

There's an alien in your book / written by Tom Fletcher ; illustrated by Greg Abbott.

Fletcher, Tom, 1985- (author.). Abbott, Greg, (illustrator.).

Summary:

You'll have to help Alien back up into space, because aliens don't belong on Earth . . . do they? Packed full of interactive fun, with a gentle message about openness, acceptance, and inclusion that will speak to the very youngest readers.

Record details

  • ISBN: 9780593569320
  • ISBN: 0593569326
  • ISBN: 9781685056612
  • ISBN: 168505661X
  • Physical Description: 1 volume (unpaged) : color illustrations ; 26 cm
  • Edition: First Dragonfly Books edition.
  • Publisher: New York : Dragonfly Books, an imprint of Random House Children's Books, 2022.

Content descriptions

General Note:
"Originally published by Puffin Books, an imprint of Penguin Random House Children's Books U.K., a division of Penguin Random House U.K., London, in 2019. Subsequently published in hardcover in the United States by Random House Children's Books, New York, in 2020"
Target Audience Note:
Ages 3-7.
Subject: Extraterrestrial beings > Juvenile fiction.
Books > Juvenile fiction.
Friendship > Juvenile fiction.
Humorous stories.
Genre: Juvenile works.
Picture books.
Humorous fiction.

Available copies

  • 1 of 1 copy available at scottsboropl.

Holds

  • 0 current holds with 1 total copy.
Show Only Available Copies
Location Call Number / Copy Notes Barcode Shelving Location Status Due Date
scottsboropl E Fle 32269001215477 Juvenile - Easy Available -

LDR 03049cam a2200661 i 4500
001161047
003SBPL
00520230609142916.0
008211209t20222020nyua a 000 1 eng d
020 . ‡a9780593569320 ‡q(paperback)
020 . ‡a0593569326 ‡q(paperback)
020 . ‡a9781685056612 ‡q(Penworthy)
020 . ‡a168505661X ‡q(Penworthy)
035 . ‡a(OCoLC)1287992166 ‡z(OCoLC)1287923551 ‡z(OCoLC)1287957898
08204. ‡a823.92 ‡aE ‡223
1001 . ‡aFletcher, Tom, ‡d1985- ‡eauthor.
24510. ‡aThere's an alien in your book / ‡cwritten by Tom Fletcher ; illustrated by Greg Abbott.
2463 . ‡aThere is an alien in your book
250 . ‡aFirst Dragonfly Books edition.
264 1. ‡aNew York : ‡bDragonfly Books, an imprint of Random House Children's Books, ‡c2022.
300 . ‡a1 volume (unpaged) : ‡bcolor illustrations ; ‡c26 cm
336 . ‡atext ‡btxt ‡2rdacontent
336 . ‡astill image ‡bsti ‡2rdacontent
337 . ‡aunmediated ‡bn ‡2rdamedia
338 . ‡avolume ‡bnc ‡2rdacarrier
500 . ‡a"Originally published by Puffin Books, an imprint of Penguin Random House Children's Books U.K., a division of Penguin Random House U.K., London, in 2019. Subsequently published in hardcover in the United States by Random House Children's Books, New York, in 2020"
520 . ‡aYou'll have to help Alien back up into space, because aliens don't belong on Earth . . . do they? Packed full of interactive fun, with a gentle message about openness, acceptance, and inclusion that will speak to the very youngest readers.
521 . ‡aAges 3-7.
650 0. ‡aExtraterrestrial beings ‡vJuvenile fiction.
650 0. ‡aBooks ‡vJuvenile fiction.
650 0. ‡aFriendship ‡vJuvenile fiction.
650 0. ‡aHumorous stories.
655 7. ‡aJuvenile works.
655 7. ‡aPicture books. ‡2lcgft
655 7. ‡aHumorous fiction. ‡2lcgft
7001 . ‡aAbbott, Greg, ‡eillustrator.
901 . ‡a161047 ‡bAUTOGEN ‡c161047 ‡tbiblio

Additional Resources